MCQ on Aquatic Environment / (Record no. 49978)
[ view plain ]
| 000 -LEADER | |
|---|---|
| fixed length control field | 00713nam a22002537a 4500 |
| 003 - CONTROL NUMBER IDENTIFIER | |
| control field | OSt |
| 008 - FIXED-LENGTH DATA ELEMENTS--GENERAL INFORMATION | |
| fixed length control field | 260324b |||||||| |||| 00| 0 eng d |
| 020 ## - INTERNATIONAL STANDARD BOOK NUMBER | |
| International Standard Book Number | 9789353878009 |
| 082 ## - DEWEY DECIMAL CLASSIFICATION NUMBER | |
| Classification number | 578.76076 |
| Item number | D48M |
| 245 ## - TITLE STATEMENT | |
| Title | MCQ on Aquatic Environment / |
| Statement of responsibility, etc. | ed by S. Subhashree Devasena...[et al.] |
| 260 ## - PUBLICATION, DISTRIBUTION, ETC. (IMPRINT) | |
| Place of publication, distribution, etc | .- Delhi |
| Name of publisher, distributor, etc | : Satish Serial Publishing House |
| Date of publication, distribution, etc | , 2026 |
| 300 ## - PHYSICAL DESCRIPTION | |
| Extent | vii,124p. |
| 650 ## - SUBJECT ADDED ENTRY--TOPICAL TERM | |
| Topical term or geographic name as entry element | Pure Sciences |
| 650 ## - SUBJECT ADDED ENTRY--TOPICAL TERM | |
| Topical term or geographic name as entry element | Biology |
| 650 ## - SUBJECT ADDED ENTRY--TOPICAL TERM | |
| Topical term or geographic name as entry element | Aquatic Environment |
| 650 ## - SUBJECT ADDED ENTRY--TOPICAL TERM | |
| Topical term or geographic name as entry element | Questions and Answers |
| 700 ## - ADDED ENTRY--PERSONAL NAME | |
| Personal name | Devasena, S. Subhashree. |
| 700 ## - ADDED ENTRY--PERSONAL NAME | |
| Personal name | Padmavathy, P. |
| 700 ## - ADDED ENTRY--PERSONAL NAME | |
| Personal name | Rani, V. |
| 700 ## - ADDED ENTRY--PERSONAL NAME | |
| Personal name | Manimekalai, D. |
| 700 ## - ADDED ENTRY--PERSONAL NAME | |
| Personal name | Ramesh, P. |
| 700 ## - ADDED ENTRY--PERSONAL NAME | |
| Personal name | Chandravanshi, Sanjay. |
| 942 ## - ADDED ENTRY ELEMENTS (KOHA) | |
| Source of classification or shelving scheme | |
| Koha item type | Books |
| Withdrawn status | Lost status | Source of classification or shelving scheme | Damaged status | Not for loan | Home library | Current library | Date acquired | Source of acquisition | Cost, normal purchase price | Full call number | Barcode | Date last seen | Bill Date | Koha item type | Bill Number |
|---|---|---|---|---|---|---|---|---|---|---|---|---|---|---|---|
| Dr. Rajendra Prasad Central Agricultural University Pusa, | College of Fishries - Dholi | 24/03/2026 | Faith, New Delhi | 450.00 | 578.76076 D48M | 88177 | 24/03/2026 | 02/02/2026 | Books | FE/9/2025-26 |